header

The transition in Eastern Europe. (Record no. 231120)

MARC details
000 -LEADER
fixed length control field 01627nam a2200373Ia 4500
245 04 - TITLE STATEMENT
Title The transition in Eastern Europe.
260 ## - PUBLICATION, DISTRIBUTION, ETC. (IMPRINT)
Place of publication Chicago :
Name of publisher University of Chicago Press,
Year of publication c1994.
300 ## - PHYSICAL DESCRIPTION
Number of Pages ix, 374 p.
490 1# - SERIES STATEMENT
Series statement A National Bureau of Economic Research Project Report
650 #0 - SUBJECT ADDED ENTRY--TOPICAL TERM
Topical Term Economic stabilization
Topical Term Privatization
700 1# - ADDED ENTRY--PERSONAL NAME
Personal name Blanchard, Olivier
Personal name Froot, Kenneth.
Personal name Sachs, Jeffrey.
856 40 - ELECTRONIC LOCATION AND ACCESS
Uniform Resource Identifier http://site.ebrary.com/lib/rucke/Doc?id=10216906

No items available.

© 2026 Rongo University
Contact us: librarian | system librarian | Rongo university